[Event "34th Chess Olympiad (men)"]
[Site "Istanbul"]
[Date "2000.11.10"]
[Round "13.36.4"]
[White "Sayber, Zeki"]
[Black "Nakamura, Ryuji"]
[WhiteElo "2204"]
[BlackElo "2127"]
[WhiteCountry "TURB"]
[BlackCountry "JPN"]
[Result "1-0"]

1. e4 c5 2. Nf3 Nc6 3. d4 cxd4 4. Nxd4 Nf6 5. Nxc6 bxc6 6. Bd3 d6 7. O-O e5 
8. c4 Be7 9. Nc3 O-O 10. h3 Be6 11. Qe2 Qc7 12. Bg5 h6 13. Bh4 Nxe4 
14. Nxe4 Bxh4 15. c5 d5 16. Nd6 Bf6 17. Bf5 Qd7 18. Bc2 e4 19. Rad1 Qe7 
20. f3 exf3 21. Rxf3 Rab8 22. b3 Rb4 23. Kh1 g6 24. Rdf1 Bh4 25. Qd2 Re4 
26. Bxe4 dxe4 27. Nxe4 Bd5 28. Nf6+ Bxf6 29. Rxf6 Qe4 30. R6f4 Qe7 31. b4 Re8 
32. R1f2 f5 33. a4 Be4 34. Rf1 g5 35. Rxf5 Bxf5 36. Rxf5 Rd8 37. Qa2+ Kg7 
38. Rf1 Rf8 39. Qb2+ Kg6 40. Qc2+ Kg7 41. Qc3+ Kg6 42. Qd3+ Kg7 43. Qd4+ Kg8 
44. Qc4+ Kg7 45. Qc3+ Kg6 46. Re1 Qd7 47. Qc2+ Kg7 48. Rd1 Qe7 49. b5 cxb5 
50. axb5 Rd8 51. Qc3+ Kg6 52. Qc2+ Kg7 53. Qb2+ Kg6 54. Qb1+ Kg7 55. Qa1+ Kg6 
56. Rxd8 Qxd8 57. Qa6+ Kf5 58. Qxa7 Qd1+ 59. Kh2 Qc1 60. Qf7+ Ke4 61. Qe6+ Kd4 
62. Qd6+ Ke4 63. c6 
1-0

[Event "34th Chess Olympiad (men)"]
[Site "Istanbul"]
[Date "2000.11.10"]
[Round "13.37.1"]
[White "Zaw, Win"]
[Black "Lodhi, Mahmood"]
[WhiteElo "2578"]
[BlackElo "2438"]
[WhiteCountry "MYA"]
[BlackCountry "PAK"]
[Result "0-1"]

1. e4 e5 2. Nf3 Nc6 3. Bb5 a6 4. Ba4 Nf6 5. O-O Be7 6. Bxc6 dxc6 7. Qe1 Nd7 
8. b3 c5 9. Bb2 f6 10. a4 a5 11. Nc3 Nf8 12. Nd5 Bd6 13. d3 Ng6 14. Nd2 Be6 
15. Ne3 Qd7 16. Ndc4 b6 17. Rd1 O-O 18. c3 Rad8 19. Kh1 Rfe8 20. f3 Bf8 
21. Rf2 Qf7 22. g3 Rd7 23. Rfd2 Red8 24. Qe2 Qe8 25. Kg2 Ne7 26. d4 cxd4 
27. cxd4 exd4 28. Rxd4 Rxd4 29. Rxd4 Rxd4 30. Bxd4 Nc6 31. Bc3 Qd7 
32. Qd2 Qxd2+ 33. Nxd2 Bc5 34. Nd5 Bxd5 35. exd5 Ne7 36. Ne4 Ba3 37. g4 Nxd5 
38. Bd2 Kf7 39. Kf2 Ke6 40. Ke2 Bb4 41. Bc1 c6 42. Kd3 g6 43. h4 Be7 44. h5 f5 
45. gxf5+ gxf5 46. Ng5+ Bxg5 47. Bxg5 Kd6 48. Kc4 Kd7 49. Kd4 Ke6 50. Bh4 c5+ 
51. Kc4 Kd6 52. Bg5 Kc6 53. h6 Nc7 54. Bd8 Ne8 55. Be7 Nd6+ 56. Bxd6 Kxd6 
57. Kb5 Kc7 58. Ka6 Kc6 
0-1

[Event "34th Chess Olympiad (men)"]
[Site "Istanbul"]
[Date "2000.11.10"]
[Round "13.37.2"]
[White "Amer, Karim"]
[Black "Aung, Aung"]
[WhiteElo "2240"]
[BlackElo "2520"]
[WhiteCountry "PAK"]
[BlackCountry "MYA"]
[Result "0-1"]

1. f4 d5 2. Nf3 g6 3. g3 Bg7 4. Bg2 Nf6 5. O-O O-O 6. d3 b6 7. e4 dxe4 
8. dxe4 Ba6 9. Qxd8 Rxd8 10. Re1 Nc6 11. e5 Nd5 12. a3 Na5 13. b4 Nc4 
14. Nd4 Bb7 15. Bf1 Nde3 16. Rxe3 Rxd4 17. Rd3 Rad8 18. Nc3 a6 19. a4 f6 
20. Rxd4 Rxd4 21. Ne2 Rd8 22. exf6 Bxf6 23. c3 Nd2 24. Bxd2 Rxd2 25. Kf2 Bxc3 
26. Rc1 Bxb4 27. Rxc7 Bd5 28. Rd7 e6 29. Ke3 Rd1 30. Rxd5 exd5 31. Bh3 Kf7 
32. Bc8 b5 33. axb5 axb5 34. g4 Bc5+ 35. Kf3 b4 36. f5 b3 
0-1

[Event "34th Chess Olympiad (men)"]
[Site "Istanbul"]
[Date "2000.11.10"]
[Round "13.37.4"]
[White "Waqar, Mohamed"]
[Black "Wynn, Zaw Htun"]
[WhiteElo "2208"]
[BlackElo "2434"]
[WhiteCountry "PAK"]
[BlackCountry "MYA"]
[Result "0-1"]

1. e4 c5 2. Nf3 d6 3. d4 cxd4 4. Nxd4 Nf6 5. Nc3 a6 6. Bc4 e6 7. Bb3 b5 
8. Be3 b4 9. Na4 Nxe4 10. Qf3 d5 11. O-O-O Nd7 12. Rhe1 Bb7 13. Kb1 Be7 
14. Qg4 h5 15. Qh3 Nec5 16. Nxc5 Nxc5 17. Nf5 Kf8 18. Nxe7 Qxe7 19. Bd4 a5 
20. c3 Nxb3 21. axb3 Rh6 22. Rd3 Bc8 23. Qe3 Kg8 24. Qe5 f6 25. Qg3 Qf7 
26. Be3 Rg6 27. Qf3 Ba6 28. Rd2 Rg4 29. Bb6 a4 30. bxa4 Qg6+ 31. Kc1 bxc3 
32. Rc2 cxb2+ 33. Rxb2 Rc8+ 34. Kd2 Rf4 35. Qh3 Re4 36. Rxe4 Qxe4 37. Qe3 Qc4 
38. Qxe6+ Kh8 39. Qxc8+ Bxc8 40. a5 Bf5 41. f3 d4 
0-1

[Event "34th Chess Olympiad (men)"]
[Site "Istanbul"]
[Date "2000.11.10"]
[Round "13.38.3"]
[White "Cekro, Ekrem"]
[Black "Smith, Robert W"]
[WhiteElo "2390"]
[BlackElo "2270"]
[WhiteCountry "BEL"]
[BlackCountry "NZL"]
[Result "1/2-1/2"]

1. c4 Nf6 2. g3 g6 3. Bg2 Bg7 4. Nc3 O-O 5. e3 d6 6. Nge2 c6 7. O-O e5 
8. d4 Re8 9. d5 e4 10. dxc6 bxc6 11. Qc2 Qe7 12. Nd4 Bb7 13. b3 Nbd7 14. Ba3 c5 
15. Nde2 Ne5 16. Rad1 g5 17. Kh1 Rad8 18. Bb2 Nd3 19. Ba1 Ng4 20. Rxd3 exd3 
21. Qxd3 Bxg2+ 22. Kxg2 Qb7+ 23. Nd5 Bxa1 24. Rxa1 Re5 25. Nec3 Nf6 
26. Rd1 Nxd5 27. Nxd5 Re6 28. Kg1 h6 29. Qc3 a6 30. Qd3 a5 31. a4 Rb8 
32. Rb1 Qd7 33. Qc3 Qd8 34. Rd1 f6 35. Rd3 Kg7 36. Qd2 Rb7 37. h3 Rb8 
38. Qd1 Rb7 39. Nc3 Rd7 40. Qg4 Qe8 41. Nb5 Qe7 42. Qd1 Qd8 43. Qd2 Kg8 
44. Kh2 Kg7 45. Qd1 Qe7 46. Qf3 Qd8 47. Qd5 Qe7 48. Qa8 Qd8 49. Qf3 Qe7 
50. Nc3 Qe8 51. Qd1 Qe7 52. g4 Qf7 53. Ne2 f5 54. Kg3 f4+ 55. exf4 Rde7 
56. Rd2 Qe8 57. Nc3 gxf4+ 58. Kg2 Qg6 59. Qf3 Rf7 60. Nb5 h5 61. Rd5 hxg4 
62. hxg4 Kg8 63. Rh5 Re5 64. Rxe5 dxe5 65. Nc3 Rg7 66. Qd5+ Kh7 67. Ne4 Qxg4+ 
68. Kf1 Qh3+ 69. Ke2 Qxb3 70. Nd2 Qb7 71. Qd3+ Kg8 72. Qf5 Qd7 73. Qe4 Qd4 
74. Qa8+ Kh7 75. Qh1+ Kg8 76. Qa8+ Kh7 77. Qh1+ Kg8 
1/2-1/2

[Event "34th Chess Olympiad (men)"]
[Site "Istanbul"]
[Date "2000.11.10"]
[Round "13.39.1"]
[White "Majeed, Abdul"]
[Black "Leyva, Hector"]
[WhiteElo "2291"]
[BlackElo "2409"]
[WhiteCountry "UAE"]
[BlackCountry "ESA"]
[Result "1-0"]

1. e4 c5 2. d3 Nc6 3. g3 g6 4. Bg2 Bg7 5. f4 d6 6. Nf3 Rb8 7. O-O b5 8. Nc3 b4 
9. Ne2 Nf6 10. h3 O-O 11. g4 a5 12. Rb1 Ba6 13. Be3 Nd7 14. Qd2 Qc7 15. b3 Rfc8 
16. Rf2 Bb5 17. Rbf1 a4 18. f5 Nce5 19. fxg6 hxg6 20. Ng5 Rf8 21. Qe1 Nf6 
22. Rf4 Nh7 23. Nxh7 Kxh7 24. Qh4+ Kg8 25. R4f2 axb3 26. axb3 f6 27. g5 fxg5 
28. Bxg5 Rxf2 29. Rxf2 Rf8 30. Bxe7 Rxf2 31. Kxf2 Qa7 32. Bxd6 c4+ 33. d4 Nf7 
34. Bc5 cxb3 35. Bxa7 b2 36. Qf4 Ne5 37. dxe5 b1=Q 38. Qd2 Bc4 39. Bc5 b3 
40. cxb3 Qxb3 41. Bf3 Qb5 42. Qb4 Qa6 43. Qb6 Qa2 44. Qxg6 Bf7 45. Qd6 Qc4 
46. Qd4 Qa2 47. Bg4 Qa8 48. Bf5 Qe8 49. Qd7 Qb8 50. Bd6 Qb6+ 51. Kg2 
1-0

[Event "34th Chess Olympiad (men)"]
[Site "Istanbul"]
[Date "2000.11.10"]
[Round "13.39.2"]
[White "Arias, Lemnys"]
[Black "Saleh, Jasim"]
[WhiteElo "2000"]
[BlackElo "2356"]
[WhiteCountry "ESA"]
[BlackCountry "UAE"]
[Result "0-1"]

1. e4 g6 2. d4 Bg7 3. Nf3 d6 4. Be2 Nd7 5. O-O e5 6. Nc3 Ne7 7. dxe5 dxe5 
8. Bg5 O-O 9. Qd2 f6 10. Be3 c6 11. a4 Qc7 12. Rfd1 g5 13. Qd6 Qxd6 14. Rxd6 b6 
15. a5 b5 16. Rad1 Nb8 17. Rd8 Na6 18. Ne1 g4 19. R1d6 h5 20. Nd3 Kf7 
21. Na2 Nc7 22. Nab4 Rxd8 23. Rxd8 f5 24. exf5 Bf6 25. Bh6 Ne8 26. Be3 Nxf5 
27. Rxc8 Rxc8 28. Bxa7 Nd4 29. Bf1 Ne6 30. Nc5 Nxc5 31. Bxc5 Be7 32. Nd3 Bxc5 
33. Nxc5 Nd6 34. b4 Kf6 35. f3 gxf3 36. gxf3 Rd8 37. Bd3 Rg8+ 38. Kf2 h4 
39. c3 Ke7 40. Bf1 Rf8 41. Bh3 Nc4 42. Ke2 Rd8 43. Ne4 Nb2 44. Nc5 Nc4 
45. Ne4 Rg8 46. Bg4 Kd8 47. Nc5 Kc7 48. Ne6+ Kb8 49. Kd3 Nd6 50. Ke3 Ka7 
51. Nc5 Rf8 52. Nd3 Nc4+ 53. Ke4 Nd2+ 54. Ke3 Nf1+ 55. Ke4 Nxh2 56. Bd7 Nxf3 
57. Bxc6 h3 58. Nf2 h2 59. Ke3 Ng5 60. Bg2 Rf4 61. Nd3 Rg4 62. Kf2 e4 
63. Nc1 Nh3+ 64. Kf1 Nf4 
0-1

[Event "34th Chess Olympiad (men)"]
[Site "Istanbul"]
[Date "2000.11.10"]
[Round "13.39.3"]
[White "Abdullah, Mansour"]
[Black "Segura, Javier"]
[WhiteElo "2290"]
[BlackElo "2000"]
[WhiteCountry "UAE"]
[BlackCountry "ESA"]
[Result "1/2-1/2"]

1. e4 e5 2. Nf3 Nc6 3. d4 exd4 4. Nxd4 Nf6 5. Nxc6 bxc6 6. e5 Qe7 7. Qe2 Nd5 
8. c4 Nb6 9. b3 Qe6 10. Bb2 Bb4+ 11. Nc3 O-O 12. a3 Be7 13. Qe4 d5 
14. exd6 cxd6 15. Bd3 
1/2-1/2

[Event "34th Chess Olympiad (men)"]
[Site "Istanbul"]
[Date "2000.11.10"]
[Round "13.39.4"]
[White "Ricando, Chavez"]
[Black "Hossein, Mohamed"]
[WhiteElo "2111"]
[BlackElo "2113"]
[WhiteCountry "ESA"]
[BlackCountry "UAE"]
[Result "0-1"]

1. g3 c5 2. Bg2 Nc6 3. d3 g6 4. Nf3 Bg7 5. O-O d5 6. Nc3 Nf6 7. a3 O-O 
8. Rb1 h6 9. e4 Be6 10. b4 dxe4 11. dxe4 cxb4 12. axb4 Bc4 13. Re1 Ng4 
14. Nd2 Nxf2 15. Qf3 Be6 16. b5 Ne5 17. Qxf2 Ng4 18. Qf3 Bd4+ 19. Kh1 Nf2+ 
20. Kg1 Nxe4+ 21. Kh1 Nxc3 22. Rb4 Bd5 23. Qxd5 Nxd5 24. Rxd4 e6 25. c4 Qb6 
26. cxd5 Qxd4 27. dxe6 fxe6 28. Nf3 Rxf3 
0-1

[Event "34th Chess Olympiad (men)"]
[Site "Istanbul"]
[Date "2000.11.10"]
[Round "13.40.3"]
[White "Van Der Nat, Nicholas"]
[Black "Bermudez, Sergio"]
[WhiteElo "2116"]
[BlackElo "2185"]
[WhiteCountry "RSA"]
[BlackCountry "CRC"]
[Result "1-0"]

1. e4 c5 2. Nf3 d6 3. d4 cxd4 4. Nxd4 Nf6 5. Nc3 a6 6. Be3 e6 7. f3 Qc7 
8. g4 Nc6 9. Qe2 b5 10. O-O-O Be7 11. h4 Nd7 12. g5 Nb6 13. f4 Bd7 14. h5 b4 
15. Nb1 d5 16. Bg2 Nxd4 17. Bxd4 Qxf4+ 18. Nd2 Qc7 19. g6 O-O 20. h6 fxg6 
21. hxg7 Rf6 22. exd5 Rc8 23. Ne4 e5 24. d6 Rxd6 25. Nxd6 Bg4 26. Bxb6 Bxe2 
27. Bxc7 Bxd1 28. Nxc8 
1-0

[Event "34th Chess Olympiad (men)"]
[Site "Istanbul"]
[Date "2000.11.10"]
[Round "13.40.4"]
[White "Trejos, Enrique"]
[Black "Solomon, Maxwell"]
[WhiteElo "2000"]
[BlackElo "2000"]
[WhiteCountry "CRC"]
[BlackCountry "RSA"]
[Result "1/2-1/2"]

1. e4 e6 2. d4 d5 3. Nc3 Bb4 4. exd5 exd5 5. Qf3 Nf6 6. Bg5 Nbd7 7. Bd3 O-O 
8. Nge2 c6 9. O-O-O Re8 10. h4 Nf8 11. Bxf6 Qxf6 12. Qxf6 gxf6 13. a3 Bd6 
14. f3 Ng6 
1/2-1/2

[Event "34th Chess Olympiad (men)"]
[Site "Istanbul"]
[Date "2000.11.10"]
[Round "13.41.1"]
[White "Mas, Hafizul Hilmi"]
[Black "Khatib, Kamel"]
[WhiteElo "2441"]
[BlackElo "2000"]
[WhiteCountry "MAS"]
[BlackCountry "SYR"]
[Result "1/2-1/2"]

1. g3 e5 2. Bg2 Nf6 3. c4 d5 4. cxd5 Nxd5 5. Nc3 Nb6 6. d3 Be7 7. a3 a5 
8. b3 O-O 9. Bb2 Nc6 10. Nf3 Be6 11. O-O Qd7 12. Rc1 f6 13. Ne4 Rfd8 
14. Qc2 Kh8 15. Rfd1 a4 16. Nfd2 axb3 17. Nxb3 Na4 18. Nbc5 Nxc5 19. Nxc5 Bxc5 
20. Qxc5 Bd5 21. Bxd5 Qxd5 22. Rc4 Ra5 23. Qe3 Rb5 24. Qc1 Re8 25. Qc2 Rb6 
26. Rd2 Ra8 27. Qc1 h6 28. d4 exd4 29. Bxd4 Rb1 30. Qxb1 Qxc4 31. Bb2 Rd8 
32. Rxd8+ Nxd8 33. Qg6 
1/2-1/2

[Event "34th Chess Olympiad (men)"]
[Site "Istanbul"]
[Date "2000.11.10"]
[Round "13.41.2"]
[White "Al Zaim, Talal"]
[Black "Mok, Tze-Meng"]
[WhiteElo "2249"]
[BlackElo "2308"]
[WhiteCountry "SYR"]
[BlackCountry "MAS"]
[Result "0-1"]

1. d4 g6 2. c4 Bg7 3. Nc3 c5 4. d5 d6 5. e4 Nf6 6. Nf3 b5 7. cxb5 a6 
8. bxa6 O-O 9. Be2 Qa5 10. O-O Bxa6 11. Re1 Nfd7 12. Bg5 Re8 13. Qd2 Bxe2 
14. Rxe2 Nb6 15. Rc1 N8d7 16. Qf4 Nc4 17. b3 Nce5 18. Nxe5 Bxe5 19. Qd2 Nb6 
20. Be3 Qb4 21. Nb1 Qxd2 22. Rxd2 Nd7 23. Rdc2 f5 24. exf5 gxf5 25. Re1 Kf7 
26. g3 Bf6 27. Rd1 Ne5 28. Kg2 Reb8 29. Bf4 Ng6 30. Be3 f4 31. Bd2 Rg8 
32. Bc3 Nh4+ 33. Kf1 Nf3 34. Ke2 Nxh2 35. Rh1 fxg3 36. fxg3 Ng4 37. Rxh7+ Kg6 
38. Rh3 Kf5 39. Rh5+ Kg6 40. Rh3 Rgf8 41. Kd3 Bg5 42. Be1 Rf3+ 43. Ke2 Re3+ 
44. Kd1 Rd3+ 45. Ke2 Rxd5 46. Nc3 Re5+ 47. Kf3 Ne3 48. Kf2 Rf8+ 49. Ke2 Nxc2+ 
50. Kd1 Rxe1+ 
0-1

[Event "34th Chess Olympiad (men)"]
[Site "Istanbul"]
[Date "2000.11.10"]
[Round "13.41.3"]
[White "Wong, Zi Jing"]
[Black "Al-Baba, Izate"]
[WhiteElo "2300"]
[BlackElo "2000"]
[WhiteCountry "MAS"]
[BlackCountry "SYR"]
[Result "1/2-1/2"]

1. e4 c5 2. Nf3 e6 3. d4 cxd4 4. Nxd4 Nc6 5. Nc3 a6 6. Nxc6 bxc6 7. Bd3 d5 
8. O-O Nf6 9. e5 Nd7 10. Re1 g6 11. Na4 c5 12. c4 d4 13. b3 Bb7 14. Be4 Qc7 
15. Qe2 Bg7 16. Bf4 Rb8 17. Bxb7 Rxb7 18. Nb2 O-O 19. Nd3 a5 20. Bd2 Rfb8 
21. f4 Qb6 22. Rac1 Ra8 23. Rc2 Nb8 24. Qf3 Nc6 25. a4 Bf8 26. Rb2 Rab8 
27. Nf2 Nb4 28. Rd1 Qd8 29. Be1 Be7 30. Ne4 Rc7 31. Bxb4 Rxb4 32. Rd3 f5 
33. exf6 Bxf6 34. Re2 Rb8 35. Qh3 Rc6 36. Nf2 Qd6 37. Ng4 Bg7 38. Ne5 Rcb6 
39. Qf3 Rf8 40. Qe4 Bxe5 41. fxe5 Qb8 42. Qg4 Rf5 43. Qg3 Kg7 44. Rf3 Qf8 
45. Ref2 Kh8 46. Qh4 Rb7 47. Rxf5 exf5 48. Rf3 Qe7 49. Qe1 Rb6 50. Qxa5 Re6 
51. Qd2 Rxe5 52. Rf1 Re2 53. Qf4 Qe3+ 54. Qxe3 Rxe3 55. Rb1 Re2 56. b4 cxb4 
57. Rxb4 d3 58. Kf1 Rc2 59. Rb8+ Kg7 60. Rd8 Rxc4 61. Rxd3 Rxa4 62. Rd7+ Kh6 
63. Kf2 g5 64. Rd5 Kg6 65. Rd6+ Kh5 66. h3 Ra2+ 67. Kf3 Ra3+ 68. Kf2 f4 
69. Rf6 Rb3 70. Re6 Rb7 71. g4+ fxg3+ 72. Kxg3 Rg7 73. Ra6 Rg6 74. Ra7 h6 
75. Ra3 Rc6 76. Rb3 Kg6 77. h4 Kh5 78. hxg5 hxg5 79. Ra3 Rc1 80. Rb3 Rg1+ 
81. Kh2 Rc1 82. Kg3 Rg1+ 83. Kh2 Rg4 84. Kh3 Rf4 85. Kg3 Rf6 86. Ra3 Re6 
87. Rb3 Kg6 88. Rb5 Kf6 89. Kg4 Re4+ 90. Kf3 Rc4 91. Rb6+ Kf5 92. Rb5+ Kg6 
93. Kg3 Kh5 94. Rb3 Rc5 95. Ra3 Rf5 96. Ra4 Rc5 97. Ra3 Kg6 98. Kg4 Rc4+ 
99. Kg3 Rc5 100. Kg4 Rc4+ 101. Kg3 Rc5 
1/2-1/2

[Event "34th Chess Olympiad (men)"]
[Site "Istanbul"]
[Date "2000.11.10"]
[Round "13.41.4"]
[White "Mohamed, Sameer"]
[Black "Chuah, Jin Hai Jonath"]
[WhiteElo "2287"]
[BlackElo "2180"]
[WhiteCountry "SYR"]
[BlackCountry "MAS"]
[Result "1-0"]

1. d4 d5 2. Nf3 Nf6 3. c4 e6 4. Nc3 Be7 5. Bg5 b6 6. e3 Bb7 7. cxd5 Nxd5 
8. Bxe7 Qxe7 9. Bb5+ c6 10. Bd3 Nd7 11. O-O h6 12. e4 Nxc3 13. bxc3 O-O-O 
14. a4 g5 15. a5 Kc7 16. Qb3 Ra8 17. e5 Rhd8 18. Rfb1 c5 19. Nd2 Bd5 
20. Bc4 Bc6 21. Bb5 Rdb8 22. Bxc6 Kxc6 23. Ne4 b5 24. c4 a6 25. Rc1 Kc7 
26. d5 exd5 27. cxd5 Qxe5 28. Nxc5 Nxc5 29. Rxc5+ Kd7 30. Rcc1 Rc8 31. Qh3+ Kd8 
32. Qxh6 Rxc1+ 33. Rxc1 Qxd5 34. h3 g4 35. Qh4+ Kd7 36. Qxg4+ Qe6 37. Qd4+ Qd6 
38. Qg4+ Qe6 39. Rd1+ Kc8 40. Qg3 Qc4 41. Qg5 f6 42. Qxf6 Qc7 43. Rd6 Qc1+ 
44. Kh2 Qc7 45. f4 Qh7 46. Kg3 Qg8+ 47. Kh4 Qh7+ 48. Kg5 Qg8+ 49. Kh6 Ra7 
50. Qf5+ Kb8 51. Rb6+ Rb7 52. Rxb7+ Kxb7 53. Qd7+ Kb8 54. Qd6+ Kb7 55. Qb6+ Kc8 
56. Qxa6+ Kc7 57. Qb6+ Kc8 58. Qc5+ Kb8 59. Qxb5+ Ka7 60. Qb6+ Ka8 61. Qc6+ Ka7 
62. Qg6 Qc4 63. Qf6 Qa2 64. Qb6+ Ka8 65. Qc6+ Kb8 66. a6 Qf7 67. Qb7+ 
1-0

[Event "34th Chess Olympiad (men)"]
[Site "Istanbul"]
[Date "2000.11.10"]
[Round "13.42.1"]
[White "Bouaziz, Slim"]
[Black "Roselli, Mailhe Bernardo"]
[WhiteElo "2383"]
[BlackElo "2400"]
[WhiteCountry "TUN"]
[BlackCountry "URU"]
[Result "1/2-1/2"]

1. e4 e5 2. Nf3 Nc6 3. Bb5 a6 4. Bxc6 dxc6 5. O-O Qd6 6. d4 exd4 7. Nxd4 Bd7 
8. Be3 O-O-O 9. Nc3 Qg6 10. Qe2 Nf6 11. f3 Bd6 12. Qf2 Nh5 13. Nde2 Nf6 
1/2-1/2

[Event "34th Chess Olympiad (men)"]
[Site "Istanbul"]
[Date "2000.11.10"]
[Round "13.42.2"]
[White "Crosa, Martin"]
[Black "Doghri, Nabil"]
[WhiteElo "2242"]
[BlackElo "2342"]
[WhiteCountry "URU"]
[BlackCountry "TUN"]
[Result "0-1"]

1. e4 c5 2. Nf3 Nc6 3. d4 cxd4 4. Nxd4 e5 5. Nb5 Nf6 6. N1c3 d6 7. Bg5 a6 
8. Na3 b5 9. Bxf6 gxf6 10. Nd5 Bg7 11. c3 f5 12. exf5 Bxf5 13. Nc2 Be6 
14. g3 Ne7 15. Bg2 Nxd5 16. Bxd5 Rc8 17. Bxe6 fxe6 18. Qh5+ Ke7 19. a4 Qe8 
20. Qe2 bxa4 21. Qxa6 Ra8 22. Qb7+ Qd7 23. Qxd7+ Kxd7 24. Ke2 Rhb8 25. Ra2 Rb3 
26. Na1 Rb7 27. Nc2 d5 28. Rha1 Bf8 29. f3 Rab8 30. Kd3 Bc5 31. Rxa4 Rxb2 
32. Rh4 Rf8 33. Rxh7+ Kc6 34. f4 exf4 35. Ra6+ Rb6 36. Rxb6+ Bxb6 37. gxf4 Rxf4 
38. Nd4+ Kd6 39. Rh6 Re4 40. Rg6 Ke7 41. Rh6 Kf7 42. Rh7+ Kg6 43. Re7 Kf6 
44. Rh7 Bc5 45. Rh6+ Kf7 46. Rh7+ Kg6 47. Rc7 Bxd4 48. cxd4 Rh4 49. Rc1 Rh3+ 
50. Ke2 Kf5 51. Rf1+ Ke4 52. Rf6 Re3+ 
0-1

[Event "34th Chess Olympiad (men)"]
[Site "Istanbul"]
[Date "2000.11.10"]
[Round "13.42.3"]
[White "Bejaoui, Anis"]
[Black "Cukerman, Diego"]
[WhiteElo "2124"]
[BlackElo "2000"]
[WhiteCountry "TUN"]
[BlackCountry "URU"]
[Result "1/2-1/2"]

1. e4 c5 2. Nf3 d6 3. d4 cxd4 4. Nxd4 Nf6 5. Nc3 g6 6. Be3 Bg7 7. f3 O-O 
8. Bc4 Nc6 9. Qd2 Nd7 10. h4 Na5 11. Be2 Nb6 12. b3 d5 13. exd5 Nxd5 
14. Nxd5 Qxd5 15. O-O-O Nc6 16. Nxc6 Qxc6 17. Bh6 Bf5 18. Bxg7 Kxg7 
19. Qd4+ Kg8 20. Qb2 Rac8 21. Bd3 Bxd3 22. Rxd3 Rfd8 23. Rhd1 Qc7 
24. Rxd8+ Rxd8 25. Rxd8+ Qxd8 26. Qe5 a6 27. g4 Qd7 28. g5 Qd6 29. Qxd6 exd6 
30. Kd2 h5 31. Ke3 f6 32. f4 Kf7 33. Ke4 Ke6 34. c4 fxg5 35. fxg5 b6 36. a3 a5 
37. b4 a4 38. b5 Ke7 39. Kd5 Kd7 40. Kd4 Ke6 41. Ke4 Ke6 42. Ke4 Ke7 
1/2-1/2

[Event "34th Chess Olympiad (men)"]
[Site "Istanbul"]
[Date "2000.11.10"]
[Round "13.42.4"]
[White "Muniz, Rafael"]
[Black "Jday, Wassim"]
[WhiteElo "2131"]
[BlackElo "2000"]
[WhiteCountry "URU"]
[BlackCountry "TUN"]
[Result "1-0"]

1. e4 c5 2. Nf3 d6 3. d4 cxd4 4. Nxd4 Nf6 5. Nc3 g6 6. Be3 Bg7 7. Bc4 Nc6 
8. f3 O-O 9. Qd2 Bd7 10. O-O-O Rc8 11. Bb3 Ne5 12. h4 Nc4 13. Bxc4 Rxc4 
14. h5 Nxh5 15. g4 Nf6 16. Nde2 Re8 17. Bd4 Qa5 18. g5 Nh5 19. Bxg7 Kxg7 
20. Nf4 Nxf4 21. Qxf4 Rh8 22. Kb1 Be6 23. Qd2 b5 24. Rh6 b4 25. Nd5 Bxd5 
26. exd5 Rc5 27. Qd4+ f6 28. Re1 Qc7 29. Re6 Rc4 30. Qe3 Kf7 31. Rh2 f5 
32. Re2 Re8 33. Qf2 Rc5 34. Qh4 Rh8 35. Qh6 Rxd5 36. Rxe7+ Qxe7 37. Rxe7+ Kxe7 
38. Qg7+ Ke6 39. c4 bxc3 40. Qxh8 Rd1+ 41. Kc2 cxb2 42. Qe8+ Kd5 43. Qb5+ 
1-0

[Event "34th Chess Olympiad (men)"]
[Site "Istanbul"]
[Date "2000.11.10"]
[Round "13.43.1"]
[White "Domingos, Gomes"]
[Black "Al-Modiahki, Mohamad"]
[WhiteElo "2000"]
[BlackElo "2499"]
[WhiteCountry "ANG"]
[BlackCountry "QAT"]
[Result "1/2-1/2"]

1. d4 Nf6 2. c4 g6 3. Nf3 Bg7 4. Nc3 O-O 5. e3 d6 6. Be2 c6 7. O-O a6 8. Qc2 b5 
9. cxb5 cxb5 10. Rd1 Bb7 11. Qb3 Nc6 12. d5 Na5 13. Qb4 Rc8 14. a4 Rxc3 
15. bxc3 Nxd5 16. Rxd5 Bxd5 17. axb5 Nb3 18. Rb1 Nxc1 19. Rxc1 axb5 
20. Qxb5 Qa8 21. c4 Be4 22. Qg5 Qb7 23. Qb5 Qa8 24. Qg5 Qa7 25. h4 h6 
26. Qf4 Qb7 27. Bf1 e5 28. Qg3 Qb4 29. Rd1 Ra8 30. h5 g5 31. Nh2 Bc2 
32. Rd5 Ra1 33. Qg4 f5 34. Qe2 Be4 35. Qd2 Qxd2 36. Rxd2 Bf8 37. f3 Bc6 
38. Kf2 Kf7 39. Bd3 Kf6 40. e4 Rh1 41. Nf1 f4 42. g4 fxg3+ 43. Nxg3 Rh2+ 
44. Ke3 Rxd2 45. Kxd2 g4 46. Be2 Kg5 47. Ke3 Bd7 48. fxg4 Bxg4 49. Bxg4 Kxg4 
50. Nf5 Kxh5 51. Kf3 Kg5 52. Kg3 h5 53. Nh4 Kf6 54. Nf5 Kf7 55. Kh3 Be7 
56. Kg3 h4+ 57. Kg4 Ke6 58. Kf3 Kd7 59. Kg4 Bd8 60. Kf3 Kc6 61. Kg4 Kc5 
62. Kh3 Bf6 63. Kg4 Bd8 64. Kh3 Bc7 65. Kxh4 Kxc4 66. Kg4 Kd3 67. Kf3 
1/2-1/2

[Event "34th Chess Olympiad (men)"]
[Site "Istanbul"]
[Date "2000.11.10"]
[Round "13.43.3"]
[White "Assis Pedro, Aderito"]
[Black "Abdulgha Four, Yousef"]
[WhiteElo "2000"]
[BlackElo "2052"]
[WhiteCountry "ANG"]
[BlackCountry "QAT"]
[Result "1-0"]

1. Nf3 d5 2. d4 e6 3. c4 Nf6 4. Nc3 Be7 5. Bf4 O-O 6. e3 Nbd7 7. Bd3 dxc4 
8. Bxc4 c5 9. O-O cxd4 10. Qxd4 a6 11. a4 b6 12. Rfd1 Bb7 13. Bd6 Rc8 
14. Bf1 Bxd6 15. Qxd6 Nc5 16. Ne5 Nce4 17. Qb4 Qc7 18. Nxe4 Bxe4 19. Nd7 Nxd7 
20. Qxe4 Nc5 21. Qc4 a5 22. b4 axb4 23. Qxb4 Rfd8 24. Rdc1 h6 25. Rc4 Qe5 
26. Rac1 Rb8 27. Rd4 Rdc8 28. Qb5 Ra8 29. Qxb6 Ne4 30. Rxc8+ Rxc8 31. Qb7 Rc1 
32. Qxe4 Qc7 33. Rc4 
1-0

[Event "34th Chess Olympiad (men)"]
[Site "Istanbul"]
[Date "2000.11.10"]
[Round "13.43.4"]
[White "Nezad, Husein Aziz"]
[Black "Domingos, Manuel"]
[WhiteElo "2066"]
[BlackElo "2000"]
[WhiteCountry "QAT"]
[BlackCountry "ANG"]
[Result "0-1"]

1. e4 e5 2. Nf3 Nc6 3. Bb5 Nf6 4. d4 exd4 5. e5 Ne4 6. O-O Be7 7. Nxd4 O-O 
8. Re1 Nxd4 9. Qxd4 d5 10. exd6 Nxd6 11. Bd3 Bf6 12. Qf4 Re8 13. Rf1 Be5 
14. Qf3 Qh4 15. g3 Qh3 16. Nc3 Bg4 17. Qg2 Qh5 18. h4 Bf3 19. Qh3 f5 
20. Bd2 Rf8 21. Rae1 Rae8 22. b3 h6 23. Qh2 Qg4 24. h5 Bf6 25. Nb5 Ne4 
26. Bc1 c6 27. Nc7 Be5 28. Nxe8 Nxg3 
0-1

[Event "34th Chess Olympiad (men)"]
[Site "Istanbul"]
[Date "2000.11.10"]
[Round "13.44.1"]
[White "Dervishi, Erald"]
[Black "Mauwa, Tedmore"]
[WhiteElo "2478"]
[BlackElo "2190"]
[WhiteCountry "ALB"]
[BlackCountry "ZIM"]
[Result "1-0"]

1. e4 c5 2. Nf3 d6 3. d4 cxd4 4. Nxd4 Nf6 5. Nc3 a6 6. Be2 e5 7. Nb3 Be6 
8. O-O Be7 9. Kh1 O-O 10. f4 Qc7 11. f5 Bc4 12. g4 d5 13. g5 Nxe4 14. Nxe4 dxe4 
15. f6 Bxe2 16. Qxe2 Bd6 17. fxg7 Re8 18. Be3 Nc6 19. Rf6 Re6 20. Raf1 Rxf6 
21. gxf6 Nb4 22. c3 Nd3 23. Nd2 Qc6 24. Qg2 Bc5 25. Bxc5 Nxc5 26. Nc4 Nd7 
27. Ne3 Nxf6 28. Nf5 Nd5 29. c4 Qg6 30. cxd5 Qxg2+ 31. Kxg2 f6 32. Kf2 
1-0

[Event "34th Chess Olympiad (men)"]
[Site "Istanbul"]
[Date "2000.11.10"]
[Round "13.44.3"]
[White "Pustina, Ylvi"]
[Black "Kachere, Clever"]
[WhiteElo "2286"]
[BlackElo "2000"]
[WhiteCountry "ALB"]
[BlackCountry "ZIM"]
[Result "0-1"]

1. d4 Nf6 2. c4 e6 3. Nc3 d5 4. Nf3 Be7 5. Bg5 O-O 6. e3 Nbd7 7. Qc2 h6 
8. Bh4 b6 9. cxd5 exd5 10. Bd3 Bb7 11. O-O a6 12. Rfd1 c5 13. Bf5 Re8 
14. Bg3 Nf8 15. dxc5 Bxc5 16. Rac1 Ne6 17. Qb3 Qe7 18. Be5 Rad8 19. Na4 Nd7 
20. Bxe6 fxe6 21. Nxc5 Nxe5 22. Nxe5 bxc5 23. Qb6 Rc8 24. f4 Qc7 25. Qxc7 Rxc7 
26. Rc3 Rec8 27. Rdc1 a5 28. Nd3 c4 29. Ne5 a4 30. Rd1 Rc5 31. Rd2 R5c7 
32. Kf2 Kf8 33. Nf3 Ke7 34. Nd4 Rc5 35. h4 Ra5 36. Ke1 Rca8 37. Ra3 Kd6 
0-1

[Event "34th Chess Olympiad (men)"]
[Site "Istanbul"]
[Date "2000.11.10"]
[Round "13.44.4"]
[White "Cochrane, John Miles"]
[Black "Sula, Zegir"]
[WhiteElo "2223"]
[BlackElo "2348"]
[WhiteCountry "ZIM"]
[BlackCountry "ALB"]
[Result "0-1"]

1. e4 c5 2. Nf3 e6 3. Nc3 Nc6 4. g3 d6 5. Bg2 Nf6 6. O-O Be7 7. d3 Rb8 8. h3 b5 
9. Ne2 a5 10. Ne1 b4 11. f4 d5 12. e5 Nd7 13. c4 Nb6 14. b3 Bb7 15. Be3 O-O 
16. Rc1 a4 17. Qc2 axb3 18. axb3 d4 19. Bd2 Nd7 20. Nf3 Ra8 21. Ra1 Qc7 
22. Qb2 f6 23. Rxa8 Rxa8 24. exf6 Bxf6 25. Ra1 Re8 26. Qc2 e5 27. Ng5 Bxg5 
28. fxg5 Nd8 29. Be4 Bxe4 30. dxe4 Nf8 31. Qd3 Nf7 32. Kg2 Qb7 33. Ng1 Nd6 
34. Re1 Ra8 35. Nf3 Qe7 36. Re2 Nd7 37. Qb1 Qe6 38. Qd3 Ra1 39. Re1 Rxe1 
40. Bxe1 Qg6 41. Nd2 Qxg5 42. Bf2 h5 43. Kf3 Nf6 
0-1